[Event "Pardubice Region-chT 2223"]
[Site "Czech Republic"]
[Date "2023.02.26"]
[Round "9.5"]
[White "Kamenik, David"]
[Black "Vymazal, Marek"]
[Result "1-0"]
[WhiteElo "1842"]
[BlackElo "1597"]
[PlyCount "97"]
[EventDate "2022.10.09"]
[EventType "team-tourn"]
[EventRounds "11"]
[EventCountry "CZE"]
[SourceTitle "EXT 2024"]
[Source "ChessBase"]
[SourceDate "2023.10.10"]
[SourceVersion "1"]
[SourceVersionDate "2023.10.10"]
[SourceQuality "1"]

1. e4 e6 2. d4 d5 3. exd5 exd5 4. Nf3 Nf6 5. Bd3 Bd6 6. 0-0 0-0 7. Bg5 Bg4 8. h3 Bh5 9. Nbd2 c5 10. dxc5 Bxc5 11. Nb3 Bb6 12. c3 Re8 13. Bc2 Nbd7 14. Qd3 Bg6 15. Qd2 Bxc2 16. Qxc2 Qc7 17. Rad1 Qc4 18. Nfd4 Bxd4 19. Rxd4 Re2 20. Qd1 Qa6 21. Bxf6 Nxf6 22. Nc5 Qb5 23. Rb4 Qe8 24. Rxb7 Rc8 25. Nd3 d4 26. Nc1 d3 27. Qxd3 Re1 28. Qd2 Rxf1+ 29. Kxf1 Rd8 30. Qe2 Qc6 31. Qb5 Qd6 32. Qd3 Qf8 33. Qc2 Qd6 34. Qb3 Nd5 35. g3 Qc6 36. Ne2 Qf6 37. Kg1 Qf3 38. Nd4 Qe4 39. Rb8 Qe1+ 40. Kg2 Qe8 41. Rxd8 Qxd8 42. Nc6 Qd6 43. Kh2 Nb6 44. Nd4 Qf6 45. Qc2 Qe5 46. Qe2 Qb8 47. Nc6 Qa8 48. Qe7 Nc8 49. Qe8# 1-0

[Event "Pardubice Region-chT 2223"]
[Site "Czech Republic"]
[Date "2023.01.29"]
[Round "7.5"]
[White "Kamenik, David"]
[Black "Pokorny, Jiri2"]
[Result "0-1"]
[WhiteElo "1842"]
[BlackElo "1469"]
[PlyCount "114"]
[EventDate "2022.10.09"]
[EventType "team-tourn"]
[EventRounds "11"]
[EventCountry "CZE"]
[SourceTitle "EXT 2024"]
[Source "ChessBase"]
[SourceDate "2023.10.10"]
[SourceVersion "1"]
[SourceVersionDate "2023.10.10"]
[SourceQuality "1"]

1. e4 e6 2. Nf3 d5 3. exd5 exd5 4. d4 Bd6 5. Bd3 Ne7 6. 0-0 0-0 7. c3 c6 8. Re1 Bf5 9. Qc2 Bxd3 10. Qxd3 Re8 11. Nbd2 Nd7 12. Nf1 Nf8 13. Bg5 f6 14. Bh4 Qd7 15. Bg3 Nf5 16. Bxd6 Nxd6 17. N3d2 Ng6 18. Qg3 Re6 19. Rxe6 Qxe6 20. Qe3 Re8 21. Qxe6+ Rxe6 22. Ne3 Kf7 23. Kf1 f5 24. Nf3 Kf6 25. Re1 Ne4 26. g3 h5 27. Kg2 f4 28. Nc2 fxg3 29. fxg3 Nd6 30. Rxe6+ Kxe6 31. Nb4 Ne4 32. Nd3 Kf5 33. h3 b6 34. Nb4 Ne7 35. Nh4+ Ke6 36. Kf3 g5 37. Ng2 c5 38. Nc2 Nf5 39. g4 hxg4+ 40. hxg4 Nh4+ 41. Nxh4 gxh4 42. Ne3 cxd4 43. cxd4 h3 44. Nf1 b5 45. Kf4 Kf6 46. Nh2 b4 47. Nf3 a5 48. Ke3 a4 49. a3 bxa3 50. bxa3 Nd6 51. Kd3 Nb5 52. Nh2 Nxa3 53. Kc3 Nb5+ 54. Kb4 a3 55. Kb3 Kg5 56. Ka2 Kf4 57. Ka1 Nxd4 0-1

[Event "CZE-chT2D 1314"]
[Site "Czech Republic"]
[Date "2014.01.05"]
[Round "5.8"]
[White "Kamenik, David"]
[Black "Beranek, Ondrej"]
[Result "1/2-1/2"]
[WhiteElo "1876"]
[BlackElo "1902"]
[PlyCount "68"]
[EventDate "2013.11.03"]
[EventType "team-tourn"]
[EventRounds "11"]
[EventCountry "CZE"]
[SourceTitle "EXT 2016"]
[Source "ChessBase"]
[SourceDate "2015.10.08"]
[SourceVersion "1"]
[SourceVersionDate "2015.10.08"]
[SourceQuality "1"]
[WhiteTeam "Usti nad Orlici"]
[BlackTeam "Havlickuv Brod"]
[WhiteTeamCountry "CZE"]
[BlackTeamCountry "CZE"]

1. d4 Nf6 2. Nf3 d5 3. Bg5 e6 4. e3 c5 5. Nbd2 Nbd7 6. Be2 Be7 7. 0-0 0-0 8. c4 b6 9. Rc1 Bb7 10. cxd5 Nxd5 11. Bxe7 Qxe7 12. Nb3 cxd4 13. Qxd4 Rfd8 14. Rfd1 e5 15. Qh4 N7f6 16. Qg3 e4 17. Nfd4 Rac8 18. Nf5 Qf8 19. Bc4 g6 20. Nfd4 a6 21. h3 b5 22. Be2 Rxc1 23. Rxc1 Rc8 24. Rxc8 Qxc8 25. Qd6 Qc7 26. Qxc7 Nxc7 27. Nc5 Bd5 28. a3 Kf8 29. a4 Bc4 30. axb5 axb5 31. Bxc4 bxc4 32. Nc6 Ncd5 33. Ne5 c3 34. bxc3 Nxc3 1/2-1/2

[Event "Hrdonov Fontana op"]
[Site "Hrdonov"]
[Date "2012.10.20"]
[Round "1"]
[White "Hlavac, Rudolf"]
[Black "Kamenik, David"]
[Result "1/2-1/2"]
[WhiteElo "2029"]
[BlackElo "1867"]
[PlyCount "46"]
[EventDate "2012.10.20"]
[EventType "swiss"]
[EventRounds "9"]
[EventCountry "CZE"]
[SourceTitle "CBM 151 Extra"]
[Source "ChessBase"]
[SourceDate "2012.12.18"]
[SourceVersion "1"]
[SourceVersionDate "2012.12.18"]
[SourceQuality "1"]

1. e4 e5 2. Nf3 Nc6 3. Bb5 Bc5 4. 0-0 d6 5. d4 exd4 6. Nxd4 Bd7 7. Nb3 Bb6 8. Nc3 Nge7 9. Re1 0-0 10. Be3 Ng6 11. Nd5 Bxe3 12. Rxe3 Nce5 13. Bxd7 Nxd7 14. Nd4 Nf6 15. c4 Re8 16. Qf3 Nxd5 17. exd5 Rxe3 18. Qxe3 Qd7 19. Re1 Kf8 20. g3 a6 21. f4 Re8 22. Qxe8+ Qxe8 23. Rxe8+ Kxe8 1/2-1/2